000
00288nam a22001217a 4500
020
_a
8189470035
041
_a
ENG
245
_a
3rd International Biofueis Conference ( january 18-19,2006 )
260
_a
New Delhi
_b
Winrock
_c
2006
300
_a
294
650
_a
EOES
856
_u
EOES ( 39 )
999
_c
1299
_d
1299